000
00226nam a22000857a 4500
008
160713b xxu||||| |||| 00| 0 eng d
100
_9
2749
_a
Watson, L.E
245
_a
Light from MaN.Y Lamps
260
_a
N.Y
_b
Simon & Schuster
_c
1951
999
_c
2386
_d
2386